[Event "RHP Coorespondance"]
[Date "2007.06.28"]
[EndDate "2007.06.29"]
[Round "?"]
[White "tomasino"]
[Black "Bandecko"]
[WhiteRating "1785"]
[BlackRating "1129"]
[WhiteElo "1785"]
[BlackElo "1129"]
[Result "0-1"]
[GameId "3738925"]

1. e4 e5 2. c4 Bf8c5 3. g3 Ng8f6 4. Nb1c3 Nb8c6 5. Ng1e2 d5 6. cxd5 Nc6d4 7. Bf1g2 Bc8g4 8. f3 Bg4xf3 9. Bg2xf3 Nd4xf3 10. Ke1f1 Nf6xe4 11. Qd1a4 Qd8d7 12. Qa4xe4 Qd7h3 0-1

[Event "RHP Coorespondance"]
[Date "2007.06.24"]
[EndDate "2007.07.30"]
[Round "?"]
[White "tomasino"]
[Black "SageCyan"]
[WhiteRating "1785"]
[BlackRating "1522"]
[WhiteElo "1785"]
[BlackElo "1522"]
[Result "0-1"]
[GameId "3722473"]

1. e4 e5 2. Ng1f3 Nb8c6 3. Bf1c4 Ng8f6 4. Nf3xe5 Nc6xe5 5. Bc4b3 Nf6xe4 6. Qd1e2 d5 7. d3 Bc8g4 8. Qe2e3 Qd8g5 9. Qe3xg5 Ne4xg5 10. Bc1xg5 Bf8b4 11. c3 Ne5xd3 12. Ke1d2 Nd3xf2 13. Rh1f1 Nf2e4 14. Kd2c2 Bb4d6 15. Bb3xd5 Ne4xg5 16. Nb1d2 O-O-O 17. b4 c6 18. Bd5c4 Rh8e8 19. Rf1e1 Bd6e5 20. b5 Bg4f5 21. Kc2c1 cxb5 22. Bc4xb5 Re8e6 23. h3 Rd8d5 24. Ra1b1 Bf5xb1 25. Nd2xb1 Rd5xb5 26. Re1d1 Re6c6 27. a4 Rb5c5 28. Rd1d3 Ng5e4 29. Rd3e3 Ne4xc3 30. Nb1d2 Be5f4 31. Re3e8 Kc8d7 32. Re8e1 Bf4xd2 33. Kc1xd2 Rc6d6 34. Kd2c2 Nc3xa4 35. Kc2b3 Na4b2 36. Kb3b4 Nb2d3 0-1

[Event "RHP Coorespondance"]
[Date "2007.05.30"]
[EndDate "2007.05.31"]
[Round "?"]
[White "tomasino"]
[Black "Bandecko"]
[WhiteRating "1785"]
[BlackRating "1129"]
[WhiteElo "1785"]
[BlackElo "1129"]
[Result "0-1"]
[GameId "3622061"]

1. e4 e5 2. Ng1f3 Nb8c6 3. Bf1b5 Ng8f6 4. d3 Bf8c5 5. c4 O-O 6. O-O Nc6d4 7. Nf3xd4 Bc5xd4 8. Qd1f3 c6 9. Bb5a4 d5 10. cxd5 Bc8g4 11. Qf3g3 b5 12. Bc1g5 Bg4e2 13. Rf1e1 Be2xd3 14. Ba4b3 Bd4xb2 15. dxc6 Qd8e7 16. Re1d1 Bd3e2 17. Rd1d2 Qe7c5 18. Bg5xf6 g6 19. Rd2d5 Qc5c1 20. Bb3d1 Be2xd1 21. Nb1c3 Bb2xa1 22. Nc3xd1 Qc1c4 23. Qg3d3 Qc4xc6 24. Bf6xe5 Ba1xe5 25. Rd5xe5 Rf8d8 26. Re5d5 Qc6f6 27. Rd5xd8 Ra8xd8 28. Qd3b3 Qf6a1 0-1